000 00558nam a22001817a 4500
999 _c184040
_d184040
005 20220112104540.0
010 _aENG-131066
020 _a10-SE-000-943
_c500.000
035 _aEN-114598
037 _bDBAD
082 _a540
100 _aDas, Abhijit
245 _aISC ECONOMICS BOOK 1:
_cAbhijit Das, Kalyan Basu
_bfor Class XI/
260 _aNew Delhi
_bS Chand School Books
_c2013
270 _bNew Delhi
_aA-27, 2nd Floor, Mohan Co-operative Industrial Estate
_e110044
300 _a461p.
_c24cm(pbk)
942 _2ddc
_cEN
_h330
_mDAS